The Ga of Ghana : (Record no. 117938)
[ view plain ]
| 000 -LEADER | |
|---|---|
| fixed length control field | 00890mam a2200277 a 4500 |
| 001 - CONTROL NUMBER | |
| control field | 3390012 |
| 003 - CONTROL NUMBER IDENTIFIER | |
| control field | ARRUPE |
| 005 - DATE AND TIME OF LATEST TRANSACTION | |
| control field | 20130920115431.0 |
| 008 - FIXED-LENGTH DATA ELEMENTS--GENERAL INFORMATION | |
| fixed length control field | 020529s2002 enk b b 001 0 eng d |
| 020 ## - INTERNATIONAL STANDARD BOOK NUMBER | |
| International Standard Book Number | 0953886808 (pbk.) |
| 035 ## - SYSTEM CONTROL NUMBER | |
| System control number | (OCoLC)49985494 |
| 035 ## - SYSTEM CONTROL NUMBER | |
| System control number | (OCoLC)ocm49985494 |
| 035 ## - SYSTEM CONTROL NUMBER | |
| System control number | (NNC)3390012 |
| 040 ## - CATALOGING SOURCE | |
| Original cataloging agency | EQO |
| Transcribing agency | EQO |
| Modifying agency | NIC |
| -- | NNC |
| 050 #4 - LIBRARY OF CONGRESS CALL NUMBER | |
| Classification number | DT510.43.G3 |
| Item number | H46 2002 |
| 300 ## - PHYSICAL DESCRIPTION | |
| Dimensions | 22cm. |
| 100 1# - MAIN ENTRY--PERSONAL NAME | |
| Personal name | Henderson-Quartey, D. K. |
| Fuller form of name | (David K.), |
| Dates associated with a name | 1922- |
| 9 (RLIN) | 823 |
| 245 14 - TITLE STATEMENT | |
| Title | The Ga of Ghana : |
| Remainder of title | history & culture of a West African people / |
| Statement of responsibility, etc | D.K. Henderson-Quartey. |
| 260 ## - PUBLICATION, DISTRIBUTION, ETC. (IMPRINT) | |
| Place of publication, distribution, etc | London : |
| Name of publisher, distributor, etc | David K. Henderson-Quartey, |
| Date of publication, distribution, etc | 2002. |
| 300 ## - PHYSICAL DESCRIPTION | |
| Extent | 365p.; |
| 504 ## - BIBLIOGRAPHY, ETC. NOTE | |
| Bibliography, etc | Includes bibliographical references and index. |
| 650 #0 - SUBJECT ADDED ENTRY--TOPICAL TERM | |
| Topical term or geographic name as entry element | Tribes |
| Geographic subdivision | Africa. |
| 9 (RLIN) | 824 |
| 650 #0 - SUBJECT ADDED ENTRY--TOPICAL TERM | |
| Topical term or geographic name as entry element | Gã (African people) |
| 9 (RLIN) | 825 |
| 651 #0 - SUBJECT ADDED ENTRY--GEOGRAPHIC NAME | |
| Geographic name | Ghana |
| General subdivision | Social life and customs. |
| 9 (RLIN) | 826 |
| 942 ## - ADDED ENTRY ELEMENTS (KOHA) | |
| Source of classification or shelving scheme | Library of Congress Classification |
| Koha item type | Monograph ( Printed materials) |
| Withdrawn status | Lost status | Source of classification or shelving scheme | Damaged status | Not for loan | Collection code | Home library | Current library | Shelving location | Date acquired | Total Checkouts | Full call number | Barcode | Date last seen | Price effective from | Koha item type |
|---|---|---|---|---|---|---|---|---|---|---|---|---|---|---|---|
| Library of Congress Classification | Main Collection | ARRUPE LIBRARY | ARRUPE LIBRARY | Main Collection | 20/09/2013 | DT510.43.G3 H46 2002 | 46407603 | 07/12/2017 | 20/09/2013 | Monograph ( Printed materials) |